01042 2200205 4500001002100000005001500021035002000036008004100056245005700097100002100154250000600175260003800181300001200219084001400231082000800245650001000253520054900263990001200812990001200824INLIS00000000000130420240521093058 a0010-0524000539240521 1 ind 1 aSecond Chance ( Dia Soulmatemu ) /cRibka Adelina P. aAdelina P, Ribka a1 aYogyakarta :bSheila/ Andi,c2014 a296 hlm a813 RIB s a813 4aFiksi aSecond Change terdiri dari 5 kiah dengan latar belakang 5 negara yang berbeda. Selain kesempatan kedua sebagai benang merah, 5 tokoh perempuan dalam cerita ini pada akhirnya terhubung satu dengan yong lain, walau mungkin awalnyo tak saling kenal. Kau memang tidak pernah tahu ke mana hidup membawamu, serta bagaimana cerita dan kisah yang harus kau jalani. Mereka beruntung mempunyai kesempatan kedua, kemudian bisa bersama dengan orang yang dicintainya Bagaimana denganmu? Yuk segera simak cerita tentang kesempatan kedua dalam buku ini! a0741450 a0741451